LEADER 01200nam--2200349---450- 001 990006033730203316 005 20150430143629.0 035 $a000603373 035 $aUSA01000603373 035 $a(ALEPH)000603373USA01 035 $a000603373 100 $a20150430d--------km-y0itay50------ba 101 $aita 102 $aIT 105 $a||||||||001yy 200 1 $aDocumenti e testimonianze monumentali sul culto del martire Sosso, diacono della Chiesa di Misenum$fR. Calvino 210 $aNapoli$cEdizioni Dehoniane$d[s.d.] 215 $a280-285 p., [2] c. di tav.$cill.$d24 cm 300 $aEstratto da: Campania sacra, 7 (1976) 600 0 $aSossio : di Miseno $xCulto$2BNCF 676 $a202.13 700 1$aCALVINO,$bRaffaele$036177 801 0$aIT$bsalbc$gISBD 912 $a990006033730203316 951 $aFC.OE. 112$b165 FCil$cFC.OE.$d375189 959 $aBK 969 $aFCIL 979 $aGENEROSO$b90$c20150430$lUSA01$h1432 979 $aGENEROSO$b90$c20150430$lUSA01$h1436 979 $aGENEROSO$b90$c20150430$lUSA01$h1436 996 $aDocumenti e testimonianze monumentali sul culto del martire Sosso, diacono della Chiesa di Misenum$91075522 997 $aUNISA LEADER 03072 am 2200637 n 450 001 9910583197903321 005 20220104 010 $a2-86906-867-0 024 7 $a10.4000/books.pufr.29140 035 $a(CKB)4100000012880921 035 $a(FrMaCLE)OB-pufr-29140 035 $a(oapen)https://directory.doabooks.org/handle/20.500.12854/91924 035 $a(PPN)264713702 035 $a(EXLCZ)994100000012880921 100 $a20220713j|||||||| ||| 0 101 0 $afre 135 $auu||||||m|||| 181 $ctxt$2rdacontent 182 $cc$2rdamedia 183 $acr$2rdacarrier 200 13$aLa bande dessinée à la croisée des médias /$fDésirée Lorenz, Elsa Caboche 210 $aTours $cPresses universitaires François-Rabelais$d2022 215 $a1 online resource (201-XIV p.) 225 1 $aIconotextes 311 $a2-86906-709-7 330 $aOn a longtemps cherché à savoir si la bande dessinée était un art. Mais le développement des études de bande dessinée au cours des dernières décennies a largement contribué à transformer le questionnement lui-même : il s?agit aujourd?hui de comprendre la place qu?elle occupe dans le système médiatique. Quelles sont les circulations médiatiques qui structurent la bande dessinée ? Quels phénomènes d?hybridation se jouent entre la bande dessinée et les médias qu?elle rencontre (photographie, peinture, littérature, arts vidéoludiques, etc.) ? Quelles formes de mémoire, quels usages de la citation, quels mécanismes d?appropriation sont à l??uvre dans les bandes dessinées ? Comment ces phénomènes transforment-ils le rôle de l?auteur, ou la fonction de l?éditeur, ou encore la pratique de l?exposition de bande dessinée ? Du Japon aux États-Unis en passant par la France, l?Allemagne ou le Canada, ce livre met en évidence la fécondité du croisement entre études intermédiales et études de bande dessinée. 606 $aLibrary, Information & Communication sciences 606 $aLiterature, Romance 606 $amédias 606 $aarts 606 $aarts graphiques 610 $amédias 610 $aarts 610 $aarts graphiques 615 4$aLibrary, Information & Communication sciences 615 4$aLiterature, Romance 615 4$amédias 615 4$aarts 615 4$aarts graphiques 700 $aCaboche$b Elsa$01332258 701 $aGenoudet$b Adrien$01332259 701 $aGroensteen$b Thierry$01093481 701 $aHuz$b Aurélie$01332260 701 $aKrauss$b Charlotte$01257386 701 $aLejeune$b Marion$01332261 701 $aLorenz$b Désirée$01332262 701 $aMartin$b Côme$01332263 701 $aPerez-Prada$b Nicolas$01332264 701 $aSmolderen$b Thierry$01082843 701 $aLorenz$b Désirée$01332262 701 $aCaboche$b Elsa$01332258 801 0$bFR-FrMaCLE 906 $aBOOK 912 $a9910583197903321 996 $aLa bande dessinée à la croisée des médias$93040780 997 $aUNINA